RJ Knapman v Richards and others (Record no. 78157)
[ view plain ]
| 000 -LEADER | |
|---|---|
| fixed length control field | 01688cab a2200229 4500 |
| 001 - CONTROL NUMBER | |
| control field | L136146 |
| 008 - FIXED-LENGTH DATA ELEMENTS--GENERAL INFORMATION | |
| fixed length control field | 070115n2006 000 0 eng u |
| 035 ## - SYSTEM CONTROL NUMBER | |
| System control number | (Sirsi) u136146 |
| 041 0# - LANGUAGE CODE | |
| Language code of text/sound track or separate title | eng |
| 245 00 - TITLE STATEMENT | |
| Title | RJ Knapman v Richards and others |
| 260 ## - PUBLICATION, DISTRIBUTION, ETC. | |
| Date of publication, distribution, etc. | 2006 |
| 520 ## - SUMMARY, ETC. | |
| Summary, etc. | [2006] EWHC 2518 (TCC), 12 October 2006. By contract, the claimant engaged the defendant to build two detached houses. The adjudicator found that elements of the work were unsatisfactory and incomplete. An application was made by the claimant's contractors to enforce an adjudicator's decision in their favour for a certain sum for unfinished work, together with interest accruing from the date of the adjudicator's decision. The application was opposed by the defendants on the grounds that the claimant was seeking to enforce part of the decision and to repudiate the rest, and that it is submitted that the defendants have a legitimate set-off arising out of the adjudicator's decision which extinguishes the claim. "Held": the adjudicator agreed that the sums claimed should be awarded, but did not reach any definitive conclusion as to the full extension of time due to the claimant. |
| 590 ## - LOCAL NOTE (RLIN) | |
| Local note | KA |
| 650 24 - SUBJECT ADDED ENTRY--TOPICAL TERM | |
| Topical term or geographic name entry element | VHE CONSTRUCTION PLC V RBSTB TRUST CO LTD |
| 650 24 - SUBJECT ADDED ENTRY--TOPICAL TERM | |
| Topical term or geographic name entry element | DAVID MCLEAN HOUSING CONTRACTORS LTD V SWANSEA HOUSING ASSOCIATION LTD |
| 650 24 - SUBJECT ADDED ENTRY--TOPICAL TERM | |
| Topical term or geographic name entry element | FERSON CONTRACTORS LTD V LEVOLUX AT LTD |
| 650 24 - SUBJECT ADDED ENTRY--TOPICAL TERM | |
| Topical term or geographic name entry element | BALFOUR BEATTY CONSTRUCTION V SERCO LTD |
| 651 #4 - SUBJECT ADDED ENTRY--GEOGRAPHIC NAME | |
| Geographic name | DEVON |
| 690 ## - LOCAL SUBJECT ADDED ENTRY--TOPICAL TERM (OCLC, RLIN) | |
| Topical term or geographic name as entry element | BUILT ENVIRONMENT-BUILDING CONTRACT FORMS-STANDARD FORMS OF BUILDING CONTRACT |
| 856 40 - ELECTRONIC LOCATION AND ACCESS | |
| Uniform Resource Identifier | <a href="https://www.bailii.org/ew/cases/EWHC/TCC/2006/2518.html">https://www.bailii.org/ew/cases/EWHC/TCC/2006/2518.html</a> |
| Public note | View the item free of charge at www.bailii.org... |
| 942 ## - ADDED ENTRY ELEMENTS (KOHA) | |
| Suppress in OPAC | 0 |
| Withdrawn status | Lost status | Source of classification or shelving scheme | Damaged status | Not for loan | Home library | Current library | Shelving location | Date acquired | Total Checkouts | Full call number | Barcode | Date last seen | Copy number | Price effective from | Koha item type |
|---|---|---|---|---|---|---|---|---|---|---|---|---|---|---|---|
| Dewey Decimal Classification | Virtual | Virtual | Online | 15/01/2007 | ONLINE PUBLICATION | 136146-2001 | 06/08/2019 | 1 | 06/08/2019 | Law report |